=LDR 00000nam 2200000 4500 =001 INLIS000000000015252 =005 20130612110531 =008 ***********************************Ind** =035 ##$$0010-061300000015252 =041 ##$$a Ind =082 ##$$a 633.18 =090 ##$$a 633.18, Sut-g =100 ##$$a Sutedjo,Mul Mulyani =245 ##$$a Budidaya Tanaman Padi di Lahan Rawa Pasang Surut, Mul Muljani Sutedjo, A.G Kartasapoetra =260 ##$$a 1988 $b Jakarta =300 ##$$a XV, 226 hlm, Ilus, 21 cm =650 ##$$a Padi-Penanaman =850 ##$$a NBPNMAT =990 ##$$a 0001/BPAP-NTB/2015